An Inquiry into the Nature and Causes of the Wealth of Nations / In two Volumes (Record no. 2230)

000 -LEADER
fixed length control field 00597nam a22002057a 4500
003 - CONTROL NUMBER IDENTIFIER
control field OSt
005 - DATE AND TIME OF LATEST TRANSACTION
control field 20210313054612.0
008 - FIXED-LENGTH DATA ELEMENTS--GENERAL INFORMATION
fixed length control field 210313s1887 ||||| |||| 00| 0 eng d
040 ## - CATALOGING SOURCE
Original cataloging agency eng
Language of cataloging eng
Transcribing agency DLC
041 ## - LANGUAGE CODE
Language code of text/sound track or separate title eng
080 ## - UNIVERSAL DECIMAL CLASSIFICATION NUMBER
Universal Decimal Classification number 32
Item number S-68
100 ## - MAIN ENTRY--PERSONAL NAME
9 (RLIN) 1424
Personal name Smith, Adam
245 ## - TITLE STATEMENT
Title An Inquiry into the Nature and Causes of the Wealth of Nations / In two Volumes
Remainder of title : Volume II
Statement of responsibility, etc. / by: George Bell and Sons
250 ## - EDITION STATEMENT
Edition statement 6th edition
260 ## - PUBLICATION, DISTRIBUTION, ETC.
Place of publication, distribution, etc. London
Name of publisher, distributor, etc. George Bell and Sons
Date of publication, distribution, etc. 1887
300 ## - PHYSICAL DESCRIPTION
Extent 577 p.
650 #0 - SUBJECT ADDED ENTRY--TOPICAL TERM
9 (RLIN) 443
Topical term or geographic name entry element Politics
653 ## - INDEX TERM--UNCONTROLLED
Uncontrolled term პოლიტიკა
942 ## - ADDED ENTRY ELEMENTS (KOHA)
Source of classification or shelving scheme
Koha item type Books
Edition 6
Holdings
Withdrawn status Lost status Source of classification or shelving scheme Damaged status Not for loan Permanent location Current location Date acquired Inventory number Total Checkouts Full call number Barcode Date last seen Price effective from Koha item type
          Ken Walker International University Ken Walker International University 03/13/2021 726   32 S-68 726 03/13/2021 03/13/2021 Books

Powered by Koha